Diseño de un modelo de negocio basado en cajas de suscripción aplicable en Costa Rica
Guardado en:
| Hovedforfatter: | |
|---|---|
| Andre forfattere: | , , |
| Format: | Bog |
| Sprog: | Spanish |
| Udgivet: |
[San José , Costa Rica]
2018
|
| Fag: | |
| Tags: |
Tilføj Tag
Ingen Tags, Vær først til at tagge denne postø!
|
MARC
| LEADER | 00000nam a22000007a 4500 | ||
|---|---|---|---|
| 003 | 012906 | ||
| 005 | 20240314103930.0 | ||
| 008 | 180912b2018 cr a|||| ||m| 00| ||spa d | ||
| 040 | |c cru CEDI | ||
| 090 | |a TFG 8057 | ||
| 100 | |a Fernández Miranda, María José, 1992- |9 2635 | ||
| 245 | |a Diseño de un modelo de negocio basado en cajas de suscripción aplicable en Costa Rica | ||
| 260 | |a [San José , Costa Rica] |c 2018 | ||
| 300 | |a xviii, 237 hojas :ilustraciones a color | ||
| 500 | |a Proyecto de graduación (licenciatura en ingeniería industrial)--Universidad de Costa Rica. Facultad de Ingeniería. Escuela de Ingeniería Industrial | ||
| 501 | |a Directora de Proyecto de Graduación: Ing. Paola Gamboa Hernández | ||
| 650 | |x PLANIFICACION ESTRATEGICA |x PLANIFICACION EMPRESARIAL |x ANALISIS FINANCIERO |x ANALISIS DE MERCADEO |9 13861 | ||
| 700 | |a Ortega Coto, Sofía, 1994- |9 2636 | ||
| 700 | |a Porras Sáenz, Esteban Felipe, 1993- |9 2637 | ||
| 700 | |a Gamboa Hernández, Paola, 1979- |d Directora del TFG |9 307 | ||
| 942 | |c TFG |h TFG 8057 |i 012906 |6 TFG_8057_012906000000000 | ||
| 999 | |c 20764 |d 20764 | ||
